| 000 | 00831cam a22002653a 4500 | ||
|---|---|---|---|
| 001 | 18845 | ||
| 003 | PGUSA | ||
| 005 | 20140828083412.0 | ||
| 008 | 060716s2006||||xxu|||||s|||||000 | eng d | ||
| 040 |
_aPGUSA _beng |
||
| 042 | _adc | ||
| 050 | 4 | _aDG | |
| 050 | 4 | _aDF | |
| 245 | 1 | 0 |
_aSeeing Europe with Famous Authors, Volume 7 : _bItaly, Sicily, and Greece (Part One) _h[electronic resource] |
| 260 |
_bProject Gutenberg, _c2006 |
||
| 506 | _aPublic domain in the USA. | ||
| 516 | _aElectronic text | ||
| 653 | _aSicily (Italy) -- Description and travel | ||
| 653 | _aGreece -- Description and travel | ||
| 653 | _aItaly -- Description and travel | ||
| 700 | 1 |
_aHalsey, Francis W. _q(Francis Whiting), _d1851-1919 |
|
| 830 | 0 |
_aProject Gutenberg _v18845 |
|
| 856 | 4 | 0 | _uhttp://www.gutenberg.org/ebooks/18845 |
| 942 | _cEB | ||
| 999 |
_c248100 _d248100 |
||